| 000 | 00648nam a2200229 a 4500 | ||
|---|---|---|---|
| 999 |
_c3157 _d3157 |
||
| 001 | 3157 | ||
| 003 | BD-JhCC | ||
| 005 | 20171111170129.0 | ||
| 008 | 171111s2011 bg |||| |||| 000 0 ben d | ||
| 020 | _a9789845020121 | ||
| 035 | _a(BD-JhCC)3157 | ||
| 040 |
_aBD-JhCC _dBD-JhCC |
||
| 041 | _aben | ||
| 082 |
_a943.0883 _bKHA 2011 |
||
| 100 | _aখাতুন, রাবেয়া | ||
| 245 |
_aতবু জার্মানি / _cরাবেয়া খাতুন. |
||
| 260 |
_aঢাকা : _bঅন্যপ্রকাশ, _c2011. |
||
| 300 |
_a79 p. : _bill., _c21 cm. |
||
| 651 | _aGermany | ||
| 942 |
_2ddc _cBK |
||